|
|
|
|
| LEADER |
01417nam a2200397 a 4500 |
| 001 |
EBC565119 |
| 003 |
MiAaPQ |
| 005 |
20200520144314.0 |
| 006 |
m o d | |
| 007 |
cr cn||||||||| |
| 008 |
100301s2010 nju sb 001 0 eng d |
| 010 |
|
|
|z 2010005163
|
| 020 |
|
|
|z 9780470748411 (cloth)
|
| 020 |
|
|
|a 9780470661161 (electronic bk.)
|
| 035 |
|
|
|a (MiAaPQ)EBC565119
|
| 035 |
|
|
|a (Au-PeEL)EBL565119
|
| 035 |
|
|
|a (CaPaEBR)ebr10469660
|
| 035 |
|
|
|a (CaONFJC)MIL293950
|
| 035 |
|
|
|a (OCoLC)700687444
|
| 040 |
|
|
|a MiAaPQ
|c MiAaPQ
|d MiAaPQ
|
| 043 |
|
|
|a a-cc---
|
| 050 |
|
4 |
|a HF5389.3.C6
|b T87 2010
|
| 082 |
0 |
4 |
|a 395.5/20951
|2 22
|
| 100 |
1 |
|
|a Turley, Joan.
|
| 245 |
1 |
0 |
|a Connecting with China
|h [electronic resource] :
|b business success through mutual benefit and respect /
|c Joan Turley.
|
| 260 |
|
|
|a Hoboken, N.J. :
|b Wiley,
|c 2010.
|
| 300 |
|
|
|a xxiv, 254 p.
|
| 504 |
|
|
|a Includes bibliographical references and index.
|
| 533 |
|
|
|a Electronic reproduction. Ann Arbor, MI : ProQuest, 2015. Available via World Wide Web. Access may be limited to ProQuest affiliated libraries.
|
| 650 |
|
0 |
|a Business etiquette
|z China.
|
| 650 |
|
0 |
|a National characteristics, Chinese.
|
| 650 |
|
0 |
|a Empathy.
|
| 650 |
|
0 |
|a Attitude (Psychology)
|
| 655 |
|
4 |
|a Electronic books.
|
| 710 |
2 |
|
|a ProQuest (Firm)
|
| 856 |
4 |
0 |
|u https://ebookcentral.proquest.com/lib/matrademy/detail.action?docID=565119
|z Click to View
|